000 00637nam a2200241Ia 4500
003 OSt
005 20220918191717.0
006 a|||||r|||| 00| 0
007 ta
008 220917b |||||||| |||| 00| 0 eng d
024 _a64,720
037 _cTextual
040 _aARTS
_cARTS
_beng
041 _2eng
_aeng
082 _aQ4.498, L7
100 _aGuenther Herbert V
245 0 _aTibetan Buddhism in Western perspective
260 _aEmeryville
_bDharma Pub USA
_c1977
300 _axi,261p.
_ccm.
650 _aRELIGION
942 _hQ4.498, L7
_cTEXL
_2CC
999 _c191087
_d191087